000 00287nam a22001337a 4500
008 170130b xxu||||| |||| 00| 0 eng d
020 _a9780195112238
041 _aeng
080 _a61
100 _a3
101 _aSHM
245 _aHUMAN NATURE EXPLORED
_cMANDLER, G
942 _2udc
_cBK
999 _c3944
_d3944